<?xml version="1.0" encoding="UTF-8"?>
<record
    xmlns:xsi="http://www.w3.org/2001/XMLSchema-instance"
    xsi:schemaLocation="http://www.loc.gov/MARC21/slim http://www.loc.gov/standards/marcxml/schema/MARC21slim.xsd"
    xmlns="http://www.loc.gov/MARC21/slim">

  <leader>02372    a2200241   4500</leader>
  <controlfield tag="001">44889</controlfield>
  <controlfield tag="005">20260407155723.0</controlfield>
  <controlfield tag="008">260407a2015    arg                 spa d</controlfield>
  <controlfield tag="003">AR-UNSa-BCEJYS</controlfield>
  <datafield tag="040" ind1=" " ind2=" ">
    <subfield code="a">AR-UNSa-BCEJYS</subfield>
    <subfield code="b">spa</subfield>
    <subfield code="c">AR-UNSa-BCEJYS</subfield>
  </datafield>
  <datafield tag="080" ind1=" " ind2=" ">
    <subfield code="a">304.4(82)</subfield>
    <subfield code="x">Aspectos generales de las pol&#xED;ticas y pr&#xE1;cticas sociales y culturales en Argentina (pol&#xED;tica social)</subfield>
  </datafield>
  <datafield tag="245" ind1="1" ind2="0">
    <subfield code="a">El bienestar en brechas</subfield>
    <subfield code="p">las pol&#xED;ticas sociales en la Argentina de la posconvertibilidad</subfield>
  </datafield>
  <datafield tag="020" ind1=" " ind2=" ">
    <subfield code="a">978-987-691-449-9</subfield>
  </datafield>
  <datafield tag="264" ind1=" " ind2="1">
    <subfield code="a">Buenos Aires :</subfield>
    <subfield code="b">Biblos</subfield>
    <subfield code="c">2015</subfield>
  </datafield>
  <datafield tag="300" ind1=" " ind2=" ">
    <subfield code="a">339 p.</subfield>
    <subfield code="c">23 cm.</subfield>
  </datafield>
  <datafield tag="505" ind1=" " ind2=" ">
    <subfield code="a">Primera Parte: Brechas contributivas: 1. R&#xE9;gimen previsional, seguros provinciales de salud materno-infantil transferencias a la familias en la Argentina de la pos convertibilidad / Gustavo Gamallo - 2. Diez a&#xF1;os de transferencias a las familias con hijos en la Argentina (2003-2013): una propuesta de periodizaci&#xF3;n / Pilar Arcidi&#xE1;cono - 3. La cuesti&#xF3;n federal pendiente: sistemas previsionales locales y brechas contributivas / Ana Mar&#xED;a Bestard, Maximiliano Carrasco y Laura Pautassi - Segunda Parte: Brechas no contributivas y su impacto en las pol&#xED;ticas sociales: 4. La expansi&#xF3;n del cooperativismo de trabajo bajo programas: una mirada sobre el Programa Ingreso Social con Trabajo - Argentina Trabaja / Pilar Arcidi&#xE1;cono y &#xC1;ngeles Berm&#xFA;dez - 5. Usos y razones de las condicionalidad en la pol&#xED;tica social argentina / Mora Straschnoy - Tercera Parte: Brechas en el acceso a la vivienda: 6. La problem&#xE1;tica habitacional en la ciudad de Buenos Aires desde la perspectiva de la provisi&#xF3;n del bienestar / Ver&#xF3;nica Carmona Barrenechea y Giuseppe M. Messina - 7. Las pol&#xED;ticas de cr&#xE9;ditos hipotecarios en la ciudad de Buenos Aires para familias vulnerables: &#xBF;mito o realidad? / Laura Royo - Cuarta Parte: 8. Cuidado, organizaciones y territorio: relaciones en transformaci&#xF3;n y la reconfiguraci&#xF3;n del espacio comunitario / Carla Zibecchi - 9. La construcci&#xF3;n de un r&#xE9;gimen laboral h&#xED;brido para el trabajo dom&#xE9;stico: el caso argentino desde la perspectiva de cuidados / Giuseppe M. Messina.</subfield>
  </datafield>
  <datafield tag="041" ind1=" " ind2=" ">
    <subfield code="a">spa</subfield>
  </datafield>
  <datafield tag="942" ind1=" " ind2=" ">
    <subfield code="c">BK</subfield>
  </datafield>
  <datafield tag="590" ind1=" " ind2=" ">
    <subfield code="a">niveau_biblio:m niveau_hierar:0</subfield>
  </datafield>
  <datafield tag="100" ind1="1" ind2=" ">
    <subfield code="a">Gamallo, Gustavo</subfield>
  </datafield>
  <datafield tag="700" ind1="1" ind2=" ">
    <subfield code="a">Pautassi, Laura C.</subfield>
  </datafield>
  <datafield tag="856" ind1="4" ind2="1">
    <subfield code="u">https://www.biblioeco.unsa.edu.ar/pmb/images/libros/L127020.jpg</subfield>
    <subfield code="y">Imagen de portada</subfield>
    <subfield code="q">image/jpeg</subfield>
  </datafield>
  <datafield tag="999" ind1=" " ind2=" ">
    <subfield code="c">3838</subfield>
    <subfield code="d">3838</subfield>
  </datafield>
  <datafield tag="952" ind1=" " ind2=" ">
    <subfield code="0">0</subfield>
    <subfield code="1">0</subfield>
    <subfield code="4">0</subfield>
    <subfield code="7">0</subfield>
    <subfield code="a">BCEJYS</subfield>
    <subfield code="b">BCEJYS</subfield>
    <subfield code="c">16</subfield>
    <subfield code="d">2026-04-07</subfield>
    <subfield code="l">0</subfield>
    <subfield code="o">304.4(82) P335</subfield>
    <subfield code="p">L127020</subfield>
    <subfield code="r">2026-04-07 15:57:23</subfield>
    <subfield code="w">2026-04-07</subfield>
    <subfield code="y">L</subfield>
  </datafield>
</record>
